| 000 | 00873nam a22002177a 4500 | ||
|---|---|---|---|
| 999 |
_c4844 _d4844 |
||
| 003 | AR-CdUCM | ||
| 008 | 190311b ||||| |||| 00| 0 spa d | ||
| 040 |
_aMUNICIPALIDAD PROVINCIAL DEL CUSCO _cBIBLIOTECA MUNICIPAL DEL CUSCO |
||
| 110 |
_aConsejo Provincial de Lima, _914919 |
||
| 245 | _aLa limeña / | ||
| 260 |
_aLima : _bMercagraph, _c1959. |
||
| 300 |
_a158 paginas ; _bIlustraciones en color, _c17 cm. |
||
| 440 |
_aColección _n4 _914920 |
||
| 505 | _aAutores que escriben sobre la mujer limeña: Ventura García Calderón - José Antonio de Lavalle - Pablo Patrón - Raúl Porras Barrenechea - Jorge Basadre - Ricardo Palma - Leonidas Yerovi - Enrique Carrillo. | ||
| 650 |
_aLimeña _914921 |
||
| 650 |
_aAntología Peruana _95589 |
||
| 650 |
_aObras Peruanas _914922 |
||
| 710 |
_aConsejo Provincial de Lima, _914919 |
||
| 942 |
_2ddc _cLIBROS |
||
| 945 | _awnts | ||